LEADER 00996nam a2200289 i 4500 001 991001013519707536 005 20020507181635.0 008 970213s1975 uk ||| | eng 020 $a0444195238 035 $ab10789029-39ule_inst 035 $aLE01305742$9ExL 040 $aDip.to Matematica$beng 082 0 $a001.6425 084 $aAMS 68N20 100 1 $aRohl, J. S.$0535769 245 13$aAn introduction to compiler writing /$cJ. S. Rohl 260 $aLondon :$bAmerican Elsevier,$c1975 300 $axvii, 307 p. :$bill. ;$c23 cm. 490 0 $aComputer monographs 500 $aIncludes bibliographical references and index 650 4$aCompilers 907 $a.b10789029$b23-02-17$c28-06-02 912 $a991001013519707536 945 $aLE013 68N ROH11 (1975)$g1$i2013000076621$lle013$o-$pE0.00$q-$rl$s- $t0$u0$v0$w0$x0$y.i10889450$z28-06-02 996 $aIntroduction to compiler writing$9921241 997 $aUNISALENTO 998 $ale013$b01-01-97$cm$da $e-$feng$guk $h3$i1 LEADER 01129nam0 22002891i 450 001 UON00316647 005 20231205104121.403 010 $a978-88-04-57849-9 100 $a20081020d2008 |0itac50 ba 101 $aita 102 $aIT 105 $a|||| 1|||| 200 1 $aFilologia e libertà$ela piu eversiva delle discipline, l'indipendenza di pensiero e il diritto alla verità$fLuciano Canfora 210 $a Milano$cMondadori$d2008 215 $a149 p.$d20 cm. 316 $aDono del Prof. Maisano$5IT-UONSI BIBBIANT/0125 606 $aBIBBIA$xCritica testuale$3UONC028895$2FI 620 $aIT$dMilano$3UONL000005 676 $a220$cBIBBIA$v21 700 1$aCanfora$bLuciano$3UONV019816$038986 712 $aMondadori$3UONV245964$4650 801 $aIT$bSOL$c20251031$gRICA 899 $aSIBA - SISTEMA BIBLIOTECARIO DI ATENEO$2UONSI 912 $aUON00316647 950 $aSIBA - SISTEMA BIBLIOTECARIO DI ATENEO$dSI BIBBIA NT 0125 $eSI EO 40953 5 0125 Dono del Prof. Maisano 996 $aFilologia e libertà$91017075 997 $aUNIOR